[Event "Benidorm 2012 - Nuevas Generaciones s16"]
[Site "Benidorm ESP"]
[Date "2012.12.06"]
[Round "3.4"]
[White "Garcia-Castany Musellas, Gal.L"]
[Black "Perez Pardo, Sergio Ivan"]
[Result "1-0"]
[WhiteElo "1993"]
[BlackElo "1845"]
[PlyCount "81"]
[EventDate "2012.12.05"]
[EventType "swiss"]
[EventRounds "7"]
[EventCountry "ESP"]
[Source "lmi"]
[SourceDate "2012.12.05"]

1. e4 c5 2. Nf3 e6 3. g3 d5 4. exd5 Qxd5 5. Nc3 Qd8 6. d4 cxd4 7. Qxd4 Qxd4 8.
Nxd4 a6 9. Bg2 e5 10. Nb3 Nc6 11. Be3 Bb4 12. O-O-O Bxc3 13. bxc3 Bd7 14. Nc5
O-O-O 15. Nxd7 Rxd7 16. Bh3 Nf6 17. Rd2 Kc7 18. Bxd7 Nxd7 19. Rhd1 Ndb8 20. Bc5
Re8 21. Rd5 f6 22. a4 b6 23. Bd6+ Kc8 24. Bxb8 Nxb8 25. a5 bxa5 26. Rxa5 Kc7
27. Kb2 h6 28. Kb3 Re6 29. c4 Nc6 30. Ra2 Nd4+ 31. Kc3 Rd6 32. Rd3 Kb6 33. Rb2+
Kc5 34. Rb7 g5 35. Rc7+ Kb6 36. Rh7 a5 37. Rxh6 a4 38. f4 gxf4 39. gxf4 Ne2+
40. Kb4 Nd4 41. c5+ 1-0

[Event "Benidorm 2012 - Nuevas Generaciones s16"]
[Site "Benidorm ESP"]
[Date "2012.12.06"]
[Round "3.5"]
[White "Buendia Pinar, Alvaro"]
[Black "Chaikhiev Chaikhieva, Miguel A"]
[Result "0-1"]
[WhiteElo "2072"]
[BlackElo "1829"]
[PlyCount "70"]
[EventDate "2012.12.05"]
[EventType "swiss"]
[EventRounds "7"]
[EventCountry "ESP"]
[Source "lmi"]
[SourceDate "2012.12.05"]

1. d4 Nf6 2. c4 e6 3. Nc3 d5 4. Nf3 Be7 5. Bg5 O-O 6. e3 b6 7. cxd5 Nxd5 8.
Bxe7 Nxe7 9. Bd3 Bb7 10. Bxh7+ Kxh7 11. Ng5+ Kh6 12. Qg4 Nf5 13. f4 g6 14. O-O
Kg7 15. Rae1 Nd7 16. Qe2 Nf6 17. g4 Nh6 18. h3 Rh8 19. Qd3 Nhxg4 20. e4 Nh6 21.
d5 exd5 22. e5 Ne4 23. e6 Nxg5 24. e7 Qd6 25. fxg5 Nf5 26. Nb5 Qc5+ 27. Kh2 a6
28. Rxf5 axb5 29. Rf6 Rae8 30. Ree6 Rxe7 31. Rxg6+ Kf8 32. Qf5 d4 33. Qf6 Qc2+
34. Kg3 Qg2+ 35. Kf4 Rh4+ 0-1

[Event "Benidorm 2012 - Nuevas Generaciones s16"]
[Site "Benidorm ESP"]
[Date "2012.12.06"]
[Round "3.6"]
[White "Cortes Cabeza, Cameron"]
[Black "Suarez Garcia, Carlos"]
[Result "1/2-1/2"]
[WhiteElo "1694"]
[BlackElo "2307"]
[PlyCount "54"]
[EventDate "2012.12.05"]
[EventType "swiss"]
[EventRounds "7"]
[EventCountry "ESP"]
[Source "lmi"]
[SourceDate "2012.12.05"]

1. e4 d6 2. d4 Nf6 3. Nc3 g6 4. Nf3 Bg7 5. h3 O-O 6. Bc4 Nxe4 7. Nxe4 d5 8. Bd3
dxe4 9. Bxe4 c5 10. Be3 f5 11. Bd3 f4 12. Bc4+ e6 13. Bd2 cxd4 14. O-O Nc6 15.
Re1 Qd6 16. Ng5 Ne5 17. Bb3 Bd7 18. a3 a5 19. Bc3 Qe7 20. Bxd4 Qxg5 21. Bxe5
Rad8 22. Qg4 Rf5 23. Qxg5 Rxg5 24. Bxg7 Kxg7 25. Bxe6 Bxe6 26. Rxe6 Rb5 27. b3
Rc5 1/2-1/2

[Event "Benidorm 2012 - Nuevas Generaciones s16"]
[Site "Benidorm ESP"]
[Date "2012.12.06"]
[Round "3.7"]
[White "Marquez Marvizon, Alejandra"]
[Black "Buch Prades, Joan"]
[Result "1/2-1/2"]
[WhiteElo "1630"]
[BlackElo "2075"]
[PlyCount "71"]
[EventDate "2012.12.05"]
[EventType "swiss"]
[EventRounds "7"]
[EventCountry "ESP"]
[Source "lmi"]
[SourceDate "2012.12.05"]

1. e4 c5 2. Nf3 Nc6 3. d4 cxd4 4. Nxd4 g6 5. Nc3 Bg7 6. Be3 Nf6 7. Be2 O-O 8.
O-O d5 9. exd5 Nxd5 10. Nxd5 Qxd5 11. Bf3 Qc4 12. Nxc6 bxc6 13. c3 Bf5 14. b3
Qa6 15. Qc1 Rfd8 16. Bh6 Bh8 17. Qe3 Bf6 18. Qc5 Rac8 19. Be3 Qb5 20. Rad1 Qxc5
21. Bxc5 a5 22. c4 a4 23. Rxd8+ Rxd8 24. Rd1 Rb8 25. b4 Be6 26. Bxc6 Bxc4 27.
Bxa4 Bxa2 28. Bc6 Bc4 29. Rd7 Rc8 30. Bb7 Re8 31. Bc6 Be6 32. Rd1 Rc8 33. b5
Bc4 34. Ba7 Be5 35. Bb6 Bd6 36. Ba5 1/2-1/2

[Event "Benidorm 2012 - Nuevas Generaciones s16"]
[Site "Benidorm ESP"]
[Date "2012.12.06"]
[Round "3.8"]
[White "Gonzalez Saez, Jose Miguel"]
[Black "Fernandez Cano, Victor"]
[Result "0-1"]
[WhiteElo "1626"]
[BlackElo "1883"]
[PlyCount "60"]
[EventDate "2012.12.05"]
[EventType "swiss"]
[EventRounds "7"]
[EventCountry "ESP"]
[Source "lmi"]
[SourceDate "2012.12.05"]

1. c4 Nf6 2. Nc3 b6 3. d4 Bb7 4. e3 e6 5. Nf3 d5 6. a3 c5 7. Rb1 Nbd7 8. b4
cxb4 9. axb4 dxc4 10. Nd2 Nd5 11. Nxd5 exd5 12. Qf3 Qc7 13. e4 c3 14. exd5
cxd2+ 15. Bxd2 Bd6 16. Rc1 Qd8 17. Bb5 O-O 18. O-O Nf6 19. Bc6 Bxc6 20. dxc6 b5
21. Rfe1 Re8 22. d5 Nxd5 23. Red1 Rc8 24. g3 Nf6 25. Bg5 Re6 26. Qd3 Qf8 27.
Qxb5 Re5 28. Qd3 Rd5 29. Qe3 Ng4 30. Qxa7 Rxg5 0-1

[Event "Benidorm 2012 - Nuevas Generaciones s16"]
[Site "Benidorm ESP"]
[Date "2012.12.06"]
[Round "3.9"]
[White "Mandado Castelany, Marco"]
[Black "Capote Robayna, Johanna"]
[Result "1-0"]
[WhiteElo "1617"]
[BlackElo "1822"]
[PlyCount "67"]
[EventDate "2012.12.05"]
[EventType "swiss"]
[EventRounds "7"]
[EventCountry "ESP"]
[Source "lmi"]
[SourceDate "2012.12.05"]

1. e4 c5 2. Nf3 Nc6 3. d4 cxd4 4. Nxd4 g6 5. Nc3 Bg7 6. Be3 Nf6 7. Be2 O-O 8.
O-O d6 9. Kh1 Bd7 10. Qd2 a6 11. f4 b5 12. a3 Rc8 13. Bf3 Na5 14. Be2 Bg4 15.
Rab1 Bxe2 16. Qxe2 Nc4 17. Qd3 Nxe3 18. Qxe3 Ng4 19. Qd2 Rc4 20. Nce2 Qb6 21.
c3 e5 22. h3 Nf6 23. Nc2 Nxe4 24. Qe3 Qxe3 25. Nxe3 Rc6 26. Nd5 Re8 27. Rbd1
Nc5 28. f5 Kf8 29. g4 e4 30. f6 Bh6 31. h4 g5 32. Nd4 Rcc8 33. Nf5 Nd3 34. Nxh6
1-0

[Event "Benidorm 2012 - Nuevas Generaciones s16"]
[Site "Benidorm ESP"]
[Date "2012.12.06"]
[Round "3.10"]
[White "Melgar Paramo, Iris"]
[Black "Sanchez Canales, Pol"]
[Result "0-1"]
[WhiteElo "1581"]
[BlackElo "1805"]
[PlyCount "42"]
[EventDate "2012.12.05"]
[EventType "swiss"]
[EventRounds "7"]
[EventCountry "ESP"]
[Source "lmi"]
[SourceDate "2012.12.05"]

1. e4 c5 2. Nf3 g6 3. d4 cxd4 4. Nxd4 Bg7 5. c3 Nc6 6. Nf3 Nf6 7. Nbd2 O-O 8.
Qc2 d5 9. Bd3 Qd6 10. exd5 Nxd5 11. Ne4 Qc7 12. Qd2 Ne5 13. Be2 Rd8 14. Nd4 Nc6
15. b3 Nxc3 16. Nxc3 Nxd4 17. Qb2 Nxe2 18. Nb5 Qa5+ 19. b4 Qxb5 20. Qxe2 Qxe2+
21. Kxe2 Bxa1 0-1

[Event "Benidorm 2012 - Nuevas Generaciones s16"]
[Site "Benidorm ESP"]
[Date "2012.12.07"]
[Round "4.1"]
[White "Chaikhiev Chaikhieva, Miguel A"]
[Black "Garcia-Castany Musellas, Gal.L"]
[Result "0-1"]
[WhiteElo "1829"]
[BlackElo "1993"]
[PlyCount "66"]
[EventDate "2012.12.05"]
[EventType "swiss"]
[EventRounds "7"]
[EventCountry "ESP"]
[Source "lmi"]
[SourceDate "2012.12.05"]

1. d4 d5 2. Nf3 Nf6 3. g3 e6 4. Bg2 Be7 5. O-O O-O 6. b3 c5 7. e3 Nc6 8. Bb2
cxd4 9. exd4 b5 10. Nbd2 Qb6 11. Qc1 b4 12. Rd1 a5 13. Nf1 Ne4 14. Ne5 Nd6 15.
a3 Nb5 16. axb4 Ncxd4 17. Bxd4 Nxd4 18. Qe3 Bxb4 19. c3 Bxc3 20. Ra4 f6 21. Ng4
e5 22. Bxd5+ Kh8 23. Nh6 Bb7 24. Bxb7 Qxb7 25. Nf5 Nf3+ 26. Kg2 Ne1+ 27. Kh3
Qg2+ 28. Kg4 g6 29. Nh6 f5+ 30. Nxf5 gxf5+ 31. Kh5 f4 32. Rxf4 Qh3+ 33. Rh4
Rf5+ 0-1

[Event "Benidorm 2012 - Nuevas Generaciones s16"]
[Site "Benidorm ESP"]
[Date "2012.12.07"]
[Round "4.2"]
[White "Fernandez Cano, Victor"]
[Black "Montoliu Cervero, Francisco"]
[Result "1/2-1/2"]
[WhiteElo "1883"]
[BlackElo "2270"]
[PlyCount "119"]
[EventDate "2012.12.05"]
[EventType "swiss"]
[EventRounds "7"]
[EventCountry "ESP"]
[Source "lmi"]
[SourceDate "2012.12.05"]

1. Nf3 Nf6 2. d4 e6 3. Bf4 b6 4. e3 Bb7 5. Bd3 c5 6. c3 Be7 7. h3 O-O 8. Nbd2
d5 9. O-O Nc6 10. Qb1 a6 11. g4 g6 12. a4 c4 13. Bc2 Na5 14. Ne5 Kg7 15. Bh2
Nd7 16. f4 Nxe5 17. dxe5 Bc5 18. Qe1 f5 19. exf6+ Qxf6 20. Nf3 Nc6 21. Nd4 Nxd4
22. exd4 Bd6 23. Qe3 Bc6 24. Rae1 Rae8 25. Bg3 Bd7 26. Qd2 Qd8 27. Kg2 Qc7 28.
h4 Rf7 29. Rf2 Ref8 30. Ref1 Kg8 31. Qe3 b5 32. axb5 axb5 33. Bd1 Qb8 34. g5 b4
35. Bg4 Re8 36. Qd2 Bc7 37. h5 Qb7 38. Rh1 Rg7 39. Qc2 bxc3 40. bxc3 Rb8 41.
hxg6 hxg6 42. Rh6 Kf7 43. Re2 Re8 44. Kf3 Qb3 45. Qxb3 cxb3 46. Rb2 Ba4 47. Rh1
Ba5 48. Rc1 Rc8 49. Be1 Bb4 50. Re2 Ba3 51. Ra1 b2 52. Rxb2 Bxb2 53. Rxa4 Rc6
54. Ra2 Rb6 55. Ra8 Rg8 56. Ra7+ Kf8 57. Ke2 Rc6 58. Kd3 Rh8 59. Ra8+ Kg7 60.
Ra7+ 1/2-1/2

[Event "Benidorm 2012 - Nuevas Generaciones s16"]
[Site "Benidorm ESP"]
[Date "2012.12.07"]
[Round "4.3"]
[White "Acosta Sosa, Juan Manuel"]
[Black "Garcia Martinez, Marcos"]
[Result "1/2-1/2"]
[WhiteElo "2167"]
[BlackElo "1873"]
[PlyCount "70"]
[EventDate "2012.12.05"]
[EventType "swiss"]
[EventRounds "7"]
[EventCountry "ESP"]
[Source "lmi"]
[SourceDate "2012.12.05"]

1. f4 e6 2. Nf3 b6 3. b3 Nf6 4. Bb2 Bb7 5. e3 c5 6. Be2 Nc6 7. O-O d5 8. d3 Qc7
9. Ne5 O-O-O 10. Nd2 Ne8 11. Bg4 Nd6 12. Ndf3 h6 13. Qe2 Rg8 14. Ng6 Kb8 15.
Nxf8 Rdxf8 16. Ne5 f5 17. Bf3 g5 18. g3 Nf7 19. Nxc6+ Bxc6 20. Bh5 Bb7 21. Bxf7
Qxf7 22. Be5+ Ka8 23. a4 a6 24. c4 gxf4 25. Rxf4 Rg4 26. a5 dxc4 27. bxc4 Rfg8
28. Rxg4 Rxg4 29. Qb2 Qd7 30. Bf4 Rg8 31. axb6 Qc6 32. Rb1 e5 33. Bxe5 Qh1+ 34.
Kf2 Qf3+ 35. Ke1 Qxe3+ 1/2-1/2

[Event "Benidorm 2012 - Nuevas Generaciones s16"]
[Site "Benidorm ESP"]
[Date "2012.12.07"]
[Round "4.4"]
[White "Capote Robayna, Nathaniel"]
[Black "Domingo Nunez, Ruben"]
[Result "1/2-1/2"]
[WhiteElo "2038"]
[BlackElo "1904"]
[PlyCount "59"]
[EventDate "2012.12.05"]
[EventType "swiss"]
[EventRounds "7"]
[EventCountry "ESP"]
[Source "lmi"]
[SourceDate "2012.12.05"]

1. e4 e6 2. d4 d5 3. Nd2 Nf6 4. e5 Nfd7 5. Bd3 c5 6. c3 Nc6 7. Ne2 Rb8 8. O-O
Be7 9. Nf3 f6 10. exf6 Nxf6 11. Bf4 Bd6 12. Re1 O-O 13. Bxd6 Qxd6 14. Ng3 b5
15. Ne5 b4 16. Nh5 Rb7 17. Re3 g6 18. Nxf6+ Rxf6 19. dxc5 Qxc5 20. cxb4 Nxb4
21. Rc1 Qf8 22. Bb1 Nxa2 23. Bxa2 Rxb2 24. Re2 Rxf2 25. Rxc8 Rxg2+ 26. Rxg2
Rxg2+ 27. Kxg2 Qxc8 28. Bxd5 exd5 29. Qxd5+ Kg7 30. Qf7+ 1/2-1/2

[Event "Benidorm 2012 - Nuevas Generaciones s16"]
[Site "Benidorm ESP"]
[Date "2012.12.07"]
[Round "4.5"]
[White "Sanchez Canales, Pol"]
[Black "Romero Calduch, Sergio"]
[Result "0-1"]
[WhiteElo "1805"]
[BlackElo "2024"]
[PlyCount "54"]
[EventDate "2012.12.05"]
[EventType "swiss"]
[EventRounds "7"]
[EventCountry "ESP"]
[Source "lmi"]
[SourceDate "2012.12.05"]

1. e4 e6 2. d4 d5 3. Nd2 Nf6 4. e5 Nfd7 5. Bd3 c5 6. c3 Nc6 7. Ne2 cxd4 8. cxd4
f6 9. exf6 Nxf6 10. Nf3 Bd6 11. O-O O-O 12. Bf4 Nh5 13. Bxd6 Qxd6 14. Re1 Rxf3
15. gxf3 Bd7 16. Ng3 Nf4 17. Bb5 Ne7 18. Bxd7 Qxd7 19. Qd2 Rf8 20. Ne2 Nfg6 21.
f4 e5 22. fxe5 Nh4 23. Qe3 Nf3+ 24. Kg2 Qg4+ 25. Ng3 Nf5 26. Qb3 N5h4+ 27. Kf1
Nd2+ 0-1

[Event "Benidorm 2012 - Nuevas Generaciones s16"]
[Site "Benidorm ESP"]
[Date "2012.12.07"]
[Round "4.6"]
[White "Pinsach Gelabert, Alexandre"]
[Black "Gonzalez Fernandez, Pedro"]
[Result "1/2-1/2"]
[WhiteElo "1991"]
[BlackElo "1761"]
[PlyCount "62"]
[EventDate "2012.12.05"]
[EventType "swiss"]
[EventRounds "7"]
[EventCountry "ESP"]
[Source "lmi"]
[SourceDate "2012.12.05"]

1. e4 c5 2. Nf3 d6 3. d4 cxd4 4. Nxd4 Nf6 5. Nc3 g6 6. Be3 Bg7 7. f3 O-O 8. Bc4
Nc6 9. Bb3 Bd7 10. Qd2 Rc8 11. O-O-O Ne5 12. Kb1 Nc4 13. Bxc4 Rxc4 14. h4 Re8
15. h5 Nxh5 16. g4 Nf6 17. Qh2 b5 18. Nd5 e5 19. Nb3 Be6 20. Bg5 Bxd5 21. Rxd5
h6 22. Bxf6 Qxf6 23. Qf2 Rxe4 24. Rxd6 Qxd6 25. fxe4 Qc7 26. Rd1 Rd8 27. Rd5
Rxd5 28. exd5 Qd6 29. Qf3 Qf6 30. Qe2 Qb6 31. Qd1 Qd6 1/2-1/2

[Event "Benidorm 2012 - Nuevas Generaciones s16"]
[Site "Benidorm ESP"]
[Date "2012.12.07"]
[Round "4.7"]
[White "Suarez Garcia, Carlos"]
[Black "Mandado Castelany, Marco"]
[Result "1-0"]
[WhiteElo "2307"]
[BlackElo "1617"]
[PlyCount "55"]
[EventDate "2012.12.05"]
[EventType "swiss"]
[EventRounds "7"]
[EventCountry "ESP"]
[Source "lmi"]
[SourceDate "2012.12.05"]

1. d4 e6 2. c4 d5 3. g3 Nf6 4. Bg2 Be7 5. Nf3 O-O 6. O-O Nbd7 7. Qc2 b6 8. Bf4
Bb7 9. Nc3 Rc8 10. Rac1 c5 11. cxd5 cxd4 12. dxe6 dxc3 13. exd7 Nxd7 14. bxc3
Nf6 15. Rfd1 Qe8 16. Bh3 Rc5 17. Nd4 Be4 18. Qd2 Rh5 19. Bf1 Ba3 20. Ra1 Qc8
21. f3 Bb7 22. e4 Rd8 23. Qc2 Rc5 24. Nf5 Rxd1 25. Rxd1 Rxc3 26. Qxc3 Qxc3 27.
Rd8+ Bf8 28. Ne7+ 1-0

[Event "Benidorm 2012 - Nuevas Generaciones s16"]
[Site "Benidorm ESP"]
[Date "2012.12.07"]
[Round "4.8"]
[White "Rodriguez Rodriguez, Alvaro"]
[Black "Moreno Ibanez, Miguel"]
[Result "1-0"]
[WhiteElo "1830"]
[BlackElo "2116"]
[PlyCount "83"]
[EventDate "2012.12.05"]
[EventType "swiss"]
[EventRounds "7"]
[EventCountry "ESP"]
[Source "lmi"]
[SourceDate "2012.12.05"]

1. e4 d5 2. exd5 Nf6 3. d4 Bg4 4. Nf3 Qxd5 5. Be2 e6 6. h3 Bh5 7. O-O Nc6 8. c4
Qd7 9. Be3 O-O-O 10. Qb3 Bd6 11. Rd1 Rhe8 12. Nc3 e5 13. dxe5 Nxe5 14. Nxe5
Rxe5 15. c5 Rxe3 16. fxe3 Qe8 17. cxd6 Qxe3+ 18. Kh1 Bxe2 19. Nxe2 Qxe2 20.
Qxf7 Rd7 21. Qf8+ Qe8 22. Qxe8+ Nxe8 23. dxc7 Nxc7 24. Rxd7 Kxd7 25. Kg1 Nd5
26. Kf2 Kc6 27. Kf3 Nb4 28. Ke4 Kb5 29. a3 Na6 30. Kd4 Nc5 31. Rf1 b6 32. g4 a5
33. Re1 g5 34. Re7 Ka4 35. Kc3 h6 36. Rh7 Ne4+ 37. Kc2 b5 38. Rxh6 b4 39. h4
b3+ 40. Kc1 gxh4 41. g5 h3 42. Rh4 1-0

[Event "Benidorm 2012 - Nuevas Generaciones s16"]
[Site "Benidorm ESP"]
[Date "2012.12.07"]
[Round "4.9"]
[White "Buch Prades, Joan"]
[Black "Vilanova Olmedo, Ignasi"]
[Result "1/2-1/2"]
[WhiteElo "2075"]
[BlackElo "1786"]
[PlyCount "84"]
[EventDate "2012.12.05"]
[EventType "swiss"]
[EventRounds "7"]
[EventCountry "ESP"]
[Source "lmi"]
[SourceDate "2012.12.05"]

1. d4 Nf6 2. c4 e6 3. Nc3 b6 4. e4 Bb7 5. Bd3 d6 6. Nge2 Be7 7. h3 Nbd7 8. O-O
O-O 9. f4 d5 10. e5 Ne4 11. cxd5 exd5 12. Nxe4 dxe4 13. Bc4 Kh8 14. Ng3 f5 15.
Be3 c6 16. Ne2 b5 17. Bb3 Nb6 18. Qd2 Nd5 19. Bf2 a5 20. Nc3 a4 21. Nxd5 cxd5
22. Bd1 Bc8 23. Rc1 Bd7 24. g4 g6 25. g5 Rc8 26. Rxc8 Qxc8 27. Be2 Qb7 28. h4
Rc8 29. h5 Kg7 30. Rc1 Rxc1+ 31. Qxc1 Qc6 32. Qf1 Be8 33. hxg6 hxg6 34. Be3 Kg8
35. a3 Bf8 36. Kf2 Qb6 37. Qc1 Bd7 38. Qc3 Qc6 39. Bd2 Qxc3 40. Bxc3 Kf7 41.
Ke3 Ke6 42. Ba5 Be7 1/2-1/2

[Event "Benidorm 2012 - Nuevas Generaciones s16"]
[Site "Benidorm ESP"]
[Date "2012.12.07"]
[Round "4.11"]
[White "Juanes Garcia, Olaya"]
[Black "Jimenez Almeida, Luis David"]
[Result "1-0"]
[WhiteElo "1774"]
[BlackElo "2027"]
[PlyCount "66"]
[EventDate "2012.12.05"]
[EventType "swiss"]
[EventRounds "7"]
[EventCountry "ESP"]
[Source "lmi"]
[SourceDate "2012.12.05"]

1. e4 e6 2. d4 d5 3. e5 c5 4. c3 Nc6 5. Nf3 Qb6 6. a3 c4 7. g3 Na5 8. Nbd2 Bd7
9. Bg2 Be7 10. O-O g5 11. Qe2 h5 12. Ne1 Nh6 13. Nc2 g4 14. Ne3 O-O-O 15. Re1
Bb5 16. Qd1 Bg5 17. Ndf1 Nb3 18. Rb1 h4 19. Nxd5 exd5 20. Bxg5 hxg3 21. fxg3
Rd7 22. Bxh6 Qxh6 23. Re2 f5 24. exf6 Qxf6 25. Re5 Rf7 26. Qe2 Qh6 27. Bxd5 Rc7
28. Qxg4+ Kb8 29. Qe2 Qb6 30. Qf2 Qd6 31. Ree1 a5 32. Qg2 Ba4 33. Re6 Qd7 1-0

[Event "Benidorm 2012 - Nuevas Generaciones s16"]
[Site "Benidorm ESP"]
[Date "2012.12.07"]
[Round "5.1"]
[White "Garcia-Castany Musellas, Gal.L"]
[Black "Acosta Sosa, Juan Manuel"]
[Result "1/2-1/2"]
[WhiteElo "1993"]
[BlackElo "2167"]
[PlyCount "157"]
[EventDate "2012.12.05"]
[EventType "swiss"]
[EventRounds "7"]
[EventCountry "ESP"]
[Source "lmi"]
[SourceDate "2012.12.05"]

1. e4 c5 2. Nf3 a6 3. Nc3 b5 4. d4 cxd4 5. Nxd4 Bb7 6. Bd3 Nc6 7. Nxc6 Bxc6 8.
O-O e6 9. Re1 Bc5 10. a4 b4 11. Nd5 Nf6 12. Bg5 Bxd5 13. exd5 h6 14. Bh4 O-O
15. Qf3 Bd4 16. Rab1 Qb6 17. c3 Bc5 18. Bxf6 gxf6 19. Qxf6 e5 20. Qh4 Rae8 21.
cxb4 Bxb4 22. Re4 a5 23. Rg4+ Kh8 24. Bg6 Bd2 25. Bf5 Qd8 26. Qh5 Qc7 27. Rd1
e4 28. Qh4 f6 29. g3 Re5 30. d6 Qc2 31. Rxd2 Qxd2 32. Rf4 Qd1+ 33. Kg2 h5 34.
Bg4 Qxd6 35. Bxh5 Kg7 36. Rg4+ Rg5 37. Rxg5+ fxg5 38. Qxg5+ Kh7 39. Bg4 Qf6 40.
Qxf6 Rxf6 41. Bxd7 Kg6 42. g4 Kg5 43. h3 Rd6 44. Bf5 Kf4 45. Kf1 Kf3 46. Ke1
Rb6 47. g5 Rxb2 48. Bg4+ Kf4 49. g6 Rb7 50. Be6 Kg5 51. Bf7 Kh6 52. Ke2 Rb4 53.
Be8 Rb3 54. Bc6 Rc3 55. Bd5 Kxg6 56. Bxe4+ Kg5 57. Bd3 Ra3 58. Bb5 Rxh3 59. f3
Kf4 60. Bc6 Rh6 61. Be4 Rd6 62. Bc2 Rd4 63. Bd1 Rd6 64. Bc2 Rd8 65. Be4 Rd4 66.
Bc2 Rb4 67. Bd1 Ke5 68. Ke3 Kd5 69. f4 Rb1 70. Bf3+ Kc5 71. Be2 Rb3+ 72. Bd3
Ra3 73. Ke4 Rxa4+ 74. Ke5 Ra1 75. f5 Re1+ 76. Be4 Rxe4+ 77. Kxe4 Kd6 78. f6 Ke6
79. Kd4 1/2-1/2

[Event "Benidorm 2012 - Nuevas Generaciones s16"]
[Site "Benidorm ESP"]
[Date "2012.12.07"]
[Round "5.2"]
[White "Garcia Martinez, Marcos"]
[Black "Suarez Garcia, Carlos"]
[Result "0-1"]
[WhiteElo "1873"]
[BlackElo "2307"]
[PlyCount "62"]
[EventDate "2012.12.05"]
[EventType "swiss"]
[EventRounds "7"]
[EventCountry "ESP"]
[Source "lmi"]
[SourceDate "2012.12.05"]

1. d4 d6 2. g3 g6 3. Bg2 Bg7 4. e4 Nf6 5. Nc3 O-O 6. Nge2 e5 7. h3 exd4 8. Nxd4
a6 9. a4 Bd7 10. O-O Nc6 11. Be3 Rb8 12. g4 Re8 13. Nde2 b5 14. axb5 axb5 15.
Ng3 b4 16. Nd5 Nxd5 17. exd5 Ne5 18. Bd4 Qh4 19. Ne4 f5 20. gxf5 Bxf5 21. f4
Nf3+ 22. Bxf3 Bxe4 23. Bxg7 Qg3+ 24. Kh1 Qxh3+ 25. Kg1 Qg3+ 26. Kh1 Bxf3+ 27.
Qxf3 Qh4+ 28. Kg2 Kxg7 29. Ra7 Re7 30. c3 Rbe8 31. Rf2 Re3 0-1

[Event "Benidorm 2012 - Nuevas Generaciones s16"]
[Site "Benidorm ESP"]
[Date "2012.12.07"]
[Round "5.3"]
[White "Montoliu Cervero, Francisco"]
[Black "Perez Pardo, Sergio Ivan"]
[Result "0-1"]
[WhiteElo "2270"]
[BlackElo "1845"]
[PlyCount "148"]
[EventDate "2012.12.05"]
[EventType "swiss"]
[EventRounds "7"]
[EventCountry "ESP"]
[Source "lmi"]
[SourceDate "2012.12.05"]

1. e4 c5 2. Nf3 e6 3. d4 cxd4 4. Nxd4 a6 5. Nc3 Qc7 6. Bd3 Nf6 7. Qe2 d6 8. Bd2
Nbd7 9. O-O b5 10. a4 b4 11. Na2 a5 12. c3 bxc3 13. Nxc3 Bb7 14. Ncb5 Qd8 15.
b4 Be7 16. bxa5 O-O 17. Nb3 Ne5 18. Bb1 Rc8 19. Rc1 Rxc1+ 20. Bxc1 Qa8 21. f3
d5 22. f4 Nc4 23. e5 Nd7 24. Bd3 Rc8 25. Bd2 Nc5 26. Nxc5 Bxc5+ 27. Kh1 Nxa5
28. f5 exf5 29. Bxf5 Rc6 30. Nd6 Nb3 31. Bxh7+ Kf8 32. Rf1 Bxd6 33. exd6 Qd8
34. Qe6 Qe8 35. Bb4 Qxe6 36. d7+ Nc5 37. d8=Q+ Qe8 38. Bxc5+ Rxc5 39. Qd6+ Qe7
40. Qb8+ Rc8 41. Qf4 f6 42. Bg6 Qe2 43. Qb4+ Qe7 44. Qh4 Qe6 45. Qh8+ Qg8 46.
Rxf6+ Ke7 47. Qh4 gxf6 48. Qb4+ Ke6 49. Qg4+ Kd6 50. Qf4+ Kc5 51. Bf5 Re8 52.
Qc7+ Bc6 53. Qa5+ Kd6 54. Qb4+ Ke5 55. Bd3 Qg5 56. Qc3+ Kd6 57. h3 Qe5 58. Qb4+
Kd7 59. Qg4+ Kc7 60. Bf5 Qa1+ 61. Kh2 Qxa4 62. Qg3+ Kb6 63. h4 Rh8 64. Kh3 Ra8
65. Qe3+ d4 66. Qh6 Qb3+ 67. g3 Ra3 68. Qf4 Qe3 69. Qb8+ Kc5 70. Qf8+ Kc4 71.
Qf7+ Kc3 72. Qc7 Kd2 73. Qg7 Ra1 74. Qxf6 Rh1+ 0-1

[Event "Benidorm 2012 - Nuevas Generaciones s16"]
[Site "Benidorm ESP"]
[Date "2012.12.07"]
[Round "5.4"]
[White "Garcia De Lomas Guerrero, Carl"]
[Black "Rodriguez Rodriguez, Alvaro"]
[Result "1/2-1/2"]
[WhiteElo "2053"]
[BlackElo "1830"]
[PlyCount "99"]
[EventDate "2012.12.05"]
[EventType "swiss"]
[EventRounds "7"]
[EventCountry "ESP"]
[Source "lmi"]
[SourceDate "2012.12.05"]

1. e4 c5 2. Nf3 d6 3. d4 cxd4 4. Nxd4 Nf6 5. Nc3 a6 6. Be3 Ng4 7. Bg5 h6 8. Bh4
g5 9. Bg3 Bg7 10. h3 Ne5 11. Qd2 Nbc6 12. Nb3 Be6 13. f3 Na5 14. Nxa5 Qxa5 15.
Nd5 Qxd2+ 16. Kxd2 Bxd5 17. exd5 Rc8 18. Bxe5 Bxe5 19. c4 O-O 20. Bd3 Rc7 21.
Rab1 e6 22. dxe6 fxe6 23. h4 gxh4 24. Rxh4 Rg7 25. Rg4 Rxg4 26. fxg4 Rf2+ 27.
Be2 Rxg2 28. Ke3 Kg7 29. b4 Rg3+ 30. Bf3 Bd4+ 31. Kf4 Be5+ 32. Ke3 b6 33. c5
dxc5 34. bxc5 bxc5 35. Rb6 Kf6 36. Rxa6 Bd4+ 37. Kf4 Rg1 38. Rc6 Re1 39. Bd5
Re5 40. Be4 Rg5 41. Bf5 Rg8 42. Rxe6+ Kg7 43. Rg6+ Kh7 44. Rc6+ Kg7 45. Rg6+
Kh7 46. Rg5+ Kh8 47. Rxg8+ Kxg8 48. Be6+ Kg7 49. a4 Kf6 50. Bc4 1/2-1/2

[Event "Benidorm 2012 - Nuevas Generaciones s16"]
[Site "Benidorm ESP"]
[Date "2012.12.07"]
[Round "5.5"]
[White "Domingo Nunez, Alejandro"]
[Black "Capote Robayna, Nathaniel"]
[Result "1/2-1/2"]
[WhiteElo "1849"]
[BlackElo "2038"]
[PlyCount "81"]
[EventDate "2012.12.05"]
[EventType "swiss"]
[EventRounds "7"]
[EventCountry "ESP"]
[Source "lmi"]
[SourceDate "2012.12.05"]

1. e4 e6 2. Nc3 d5 3. Nf3 Nf6 4. e5 Nfd7 5. d4 c5 6. dxc5 Bxc5 7. Bd3 f6 8.
exf6 Nxf6 9. Bg5 O-O 10. O-O Nc6 11. Qe2 a6 12. Bf4 Bd7 13. Rae1 b5 14. Ne5
Nxe5 15. Qxe5 Qe8 16. Qg5 Qh5 17. Qg3 Qg4 18. Ne2 Qxg3 19. Bxg3 Rae8 20. Nc1
Bc6 21. Nb3 Ba7 22. Bd6 Rf7 23. Nd2 Nd7 24. Nf3 Bc5 25. Bc7 Rfe7 26. Ne5 Nxe5
27. Bxe5 Rd7 28. Kh1 Bd6 29. f4 Bxe5 30. Rxe5 Rf7 31. g3 g6 32. Rfe1 Bd7 33.
Kg2 Rc8 34. h4 Kg7 35. h5 Rf6 36. hxg6 hxg6 37. Rh1 Rh8 38. Rxh8 Kxh8 39. Kf3
Kg7 40. Re1 Rf8 41. Kg2 1/2-1/2

[Event "Benidorm 2012 - Nuevas Generaciones s16"]
[Site "Benidorm ESP"]
[Date "2012.12.07"]
[Round "5.6"]
[White "Sendra Tormo, Juan"]
[Black "Pinsach Gelabert, Alexandre"]
[Result "0-1"]
[WhiteElo "1753"]
[BlackElo "1991"]
[PlyCount "90"]
[EventDate "2012.12.05"]
[EventType "swiss"]
[EventRounds "7"]
[EventCountry "ESP"]
[Source "lmi"]
[SourceDate "2012.12.05"]

1. e4 e5 2. Nf3 Nc6 3. Bb5 a6 4. Ba4 Nf6 5. O-O b5 6. Bb3 Bb7 7. c3 Nxe4 8. Re1
Nc5 9. Nxe5 Nxe5 10. Rxe5+ Ne6 11. d4 Bd6 12. Rh5 O-O 13. d5 Nf4 14. Bxf4 Bxf4
15. g3 Bd6 16. Bc2 g6 17. Rh4 Qg5 18. Qd2 Qxd5 19. Qxd5 Bxd5 20. Be4 Bxe4 21.
Rxe4 f5 22. Re2 f4 23. Nd2 fxg3 24. hxg3 Bc5 25. Nb3 Bb6 26. Rd1 d6 27. Kg2
Rae8 28. Rde1 Rxf2+ 29. Rxf2 Rxe1 30. Rc2 a5 31. Nc1 Be3 32. Nd3 Rd1 33. Nf4
Rd2+ 34. Rxd2 Bxd2 35. Ne6 c5 36. Nc7 b4 37. c4 b3 38. axb3 Kf7 39. Kf3 Bc1 40.
Ke4 Bxb2 41. Nb5 Be5 42. g4 Kf6 43. Kd5 Kg5 44. Nxd6 Bxd6 45. Kxd6 h5 0-1